000 01001nam a2200325 i 4500
001 8378
003 KOSZ 005
005 20211008113134.0
008 070827s1969 pl g 000 0 pol
015 _aPB 1969/8986
040 _aWA N
_cWA N
_dKOSZ 005/RW
_dKOSZ 005/HR
046 _k1969
080 _a008
080 _a930.85
080 _a316.7
100 1 _aKłoskowska, Antonina
_d(1919-2001)
_eAutor
245 1 0 _aZ historii i socjologii kultury /
_cAntonina Kłoskowska.
260 _aWarszawa :
_bPaństwowe Wydawnictwo Naukowe,
_c1969.
300 _a531, [5] s. ;
_c23 cm.
380 _aKsiążki.
388 _a1901-2000
650 4 _aKultura
650 4 _aSocjologia kultury
650 4 _aHistoria
658 _aSocjologia i społeczeństwo
658 _aHistoria
710 2 _aPaństwowe Wydawnictwo Naukowe
_4pbl.
856 _uhttp://koha.tu.koszalin.pl/cgi-bin/koha/opac-detail.pl?biblionumber=8378
_ykatalog online BPK
942 _2UKD
_cKS
999 _c8378
_d8378